Peňažný, devízový a kapitálový trh SR v 2. polroku 1996

Charakteristika druhého polroka 1996 na kapitálovom trhu SR. Činitele, ktoré ovplyvňovali vývoj kapitálového, devízového a peňažného trhu.

Saved in:
Bibliographic Details
Main Author: Milták, B.
Other Authors: Baričák, B., Vlček, Radim
Format: Book Chapter
Language:Slovak
Subjects:
Tags: Add Tag
No Tags, Be the first to tag this record!

MARC

LEADER 00000naa a2200000 4500
001 r023261
005 20230824085445.9
041 0 |a slo 
044 |a SK 
245 1 0 |a Peňažný, devízový a kapitálový trh SR v 2. polroku 1996  |c B. Milták, Radim Vlček, B. Baričák 
520 |a Charakteristika druhého polroka 1996 na kapitálovom trhu SR. Činitele, ktoré ovplyvňovali vývoj kapitálového, devízového a peňažného trhu. 
610 2 0 |a Slovensko 
610 2 0 |a júl-december 
610 2 0 |a 1996 
610 2 0 |a trh peňažný 
610 2 0 |a trh devízový 
610 2 0 |a trh kapitálový 
610 2 0 |a akcie 
610 2 0 |a dlhopisy 
100 1 |a Milták, B. 
700 1 |a Baričák, B. 
700 1 |a Vlček, Radim